Les 30 plus gros transferts de la Bundesliga - Statistiques

Statistiques générales
  • Ce quiz a été pris 185 fois
    73 depuis la dernière actualisation
  • Le résultat moyen est 19 sur 30
Statistiques - réponses
Pos Réponse Club de départ Club d'arrivée Montant du transfert Saison % Correct
1 Dembélé Bor. Dortmund FC Barcelone 140,00 mio. € 17/18
97%
2 Bellingham Bor. Dortmund Real Madrid 103,00 mio. € 23/24
95%
5 Hernandez Atletico Madrid Bayern Munich 80,00 mio. € 19/20
95%
3 Sancho Bor. Dortmund Manchester Utd. 85,00 mio. € 21/22
95%
6 De Bruyne VfL Wolfsburg Manchester City 76,00 mio. € 15/16
94%
4 Havertz Bay. Leverkusen Chelsea 80,00 mio. € 20/21
92%
11 Jovic E. Francfort Real Madrid 63,00 mio. € 19/20
84%
8 De Ligt Juventus Turin Bayern Munich 67,00 mio. € 22/23
83%
12 Nkunku RB Leipzig Chelsea 60,00 mio. € 23/24
81%
19 Hernandez Bayern Munich Paris SG 45,00 mio. € 23/24
76%
10 Aubameyang Bor. Dortmund FC Arsenal 63,75 mio. € 17/18
75%
23 Openda RC Lens RB Leipzig 43,00 mio. € 23/24
75%
7 Szoboszlai RB Leipzig Liverpool 70,00 mio. € 23/24
73%
13 Haaland Bor. Dortmund Manchester City 60,00 mio. € 22/23
70%
14 Keita RB Leipzig Liverpool 60,00 mio. € 18/19
65%
27 Tolisso Olympique Lyonnais Bayern Munich 41,50 mio. € 17/18
65%
18 Sané Manchester City Bayern Munich 49,00 mio. € 20/21
63%
20 Lewandowski Bayern Munich FC Barcelone 45,00 mio. € 22/23
62%
15 Werner RB Leipzig Chelsea 53,00 mio. € 20/21
60%
16 Sané FC Schalke 04 Manchester City 52,00 mio. € 16/17
57%
9 Pulisic Bor. Dortmund Chelsea 64,00 mio. € 18/19
52%
29 Konaté RB Leipzig Liverpool 40,00 mio. € 21/22
49%
25 Upamecano RB Leipzig Bayern Munich 42,50 mio. € 21/22
40%
17 Haller E. Francfort West Ham Utd. 50,00 mio. € 19/20
38%
21 Xhaka Bor. M'gladbach FC Arsenal 45,00 mio. € 16/17
37%
30 Douglas Costa Bayern Munich Juventus 40,00 mio. € 18/19
33%
28 Firmino TSG Hoffenheim Liverpool 41,00 mio. € 15/16
33%
24 Draxler FC Schalke 04 VfL Wolfsburg 43,00 mio. € 15/16
30%
22 Joelinton TSG Hoffenheim Newcastle Utd 44,00 mio. € 19/20
29%
26 Mkhitaryan Bor. Dortmund Manchester Utd. 42,00 mio. € 16/17
21%
Aucun quiz correspondant
Distribution des résultats
% des personnes avec chaque résultat
Percentile par nombre de réponses
Votre historique - résultats
Vous n’avez pas pris ce quiz depuis la dernière actualisation